| 000 | 00666 a2200241 4500 | ||
|---|---|---|---|
| 020 | _a0 256-01399-3 | ||
| 041 | _aEng | ||
| 082 |
_a336 _bD868g |
||
| 100 |
_aDue, John F. _922099 |
||
| 100 |
_aFriedlaender, Ann F. _922100 |
||
| 245 | _aGovernment finance economics of the public sector | ||
| 250 | _a6th ed | ||
| 260 |
_aHomewood _bIllnois Richard D Irwin _c1977 |
||
| 300 | _axvill, 656p. illus. | ||
| 504 | _aIncludes bibliography | ||
| 518 | _a2068-1-15 | ||
| 650 |
_aDicision making _916752 |
||
| 650 |
_aSales tax _94792 |
||
| 650 |
_aIncome tax _95103 |
||
| 650 |
_aFiscal policy _93319 |
||
| 653 | _aPublic finance | ||
| 942 |
_2ddc _cGEN |
||
| 999 |
_c60430 _d60418 |
||